000 00299nam a22001337a 4500
008 171025b xxu||||| |||| 00| 0 eng d
020 _a0314931929
041 _aeng
080 _a311
100 _a55
101 _aSTA
245 _aINTRODUCTION BUSSINESS STATISTICS
_cPAV.K.G
942 _2udc
_cBK
999 _c35934
_d35934